| 000 | 00382nam a22001097a 4500 | ||
|---|---|---|---|
| 008 | 190618b xxu||||| |||| 00| 0 eng d | ||
| 050 |
_aQ 164 _b.Sc146 2010 |
||
| 245 |
_a365 science experiments: _bfind out how much fun science can be through hundreds of fascinating experiments/ |
||
| 260 |
_aAustralia: _bhinkler books Pty Ltd. _c2010. |
||
| 300 | _aill. : 290 cm. | ||
| 942 |
_2lcc _cBK |
||
| 999 |
_c361895 _d361895 |
||